Cricket Fielding Positions - Map Quiz - Statistics

General Stats
  • This quiz has been taken 594 times
    592 since last reset
  • The average score is 13 of 21
Answers on the Map
Answers color-coded by a green-red scale on the quiz's map according to % correct below.
 
Answer Stats
Answer % Correct
Bowler
82%
Batter (Striking End)
77%
Wicket-Keeper
77%
Slips
73%
Batter (Non-Striking End)
71%
Long-Off
70%
Cover
69%
Mid-On
69%
Long-On
68%
Umpire
67%
Third Man
65%
Fine leg
64%
Mid-Off
64%
Point
63%
Mid-Wicket
60%
Gully
58%
Straight-Hit
55%
Long-Stop
54%
Square Leg
54%
Square Leg Umpire
39%
Runner
24%
No matching quizzes found
Score Distribution
Percent of People with Each Score
Percentile by Number Answered
Your Score History
You have not taken this quiz since the last reset